| LEADER | 00962nam a2200241 a 4500 | ||
|---|---|---|---|
| 001 | GR-MES12636 | ||
| 008 | 070703s gr 000 0 gre d | ||
| 020 | |a 960218194X | ||
| 040 | |a GrPaTEI |b gre |c GR-PaULI | ||
| 040 | |a GrPaTEI |b gre |c GR-PaULI | ||
| 082 | 0 | |a Ξ | |
| 100 | 1 | |a Schlink, Bernhard | |
| 245 | 1 | 0 | |a Ερωτικές αποδράσεις / |c Bernhard Schlink ; Μετάφραση: Ιάκωβος Κοπέρτι. |
| 260 | |a Αθήνα : |b Κριτική, |c 2000 | ||
| 300 | |a 297σ. ; |c 21εκ. | ||
| 490 | 0 | |a Εν πλω. 7 | |
| 500 | |a Τίτλος πρωτοτύπου: Liebesfluchten. | ||
| 650 | 4 | |a Μυθιστόρημα | |
| 700 | 1 | |a Κοπέρτι, Ιάκωβος | |
| 942 | |2 ddc | ||
| 952 | |0 0 |1 0 |2 ddc |4 0 |6 Ξ_SCH |7 0 |9 271224 |a MSLG |b MSLG |c BSC |d 2021-01-17 |e 24 |f 0 |g 0.00 |l 0 |o Ξ SCH |p 2420000021133 |r 2021-01-17 00:00:00 |t 1 |w 2021-01-17 |y BK15 |x 20070703 0 ΤΣΑΝΤΑΡΛΙΩΤΗ 1 |x GrPaTEI | ||
| 971 | |a .b25786830 |b 01-10-20 |c 13-09-16 | ||
| 999 | |c 156636 |d 156636 | ||